The RenderMan companion : a programmer's guide to realistic computer graphics /

Guardado en:
Autor Principal: Upstill, Steve.
Formato: Libro
Idioma:English
Publicado: Reading, Mass. : Addison-Wesley, c1990.
Materias:
Etiquetas: Agregar Etiqueta
Sin Etiquetas, Sea el primero en etiquetar este registro!
LEADER 00697pam a2200193 a 4500
001 MAT.inmabb004117
008 890420s1990####mauaf####b####001#0#eng##
005 20160610154055.0
245 1 4 |a The RenderMan companion :  |b a programmer's guide to realistic computer graphics /  |c Steve Upstill. 
260 |a Reading, Mass. :  |b Addison-Wesley,  |c c1990. 
300 |a xix, 475 p., [16] p. de láms. :  |b il. (algunas col.) ;  |c 24 cm. 
504 |a Incluye referencias bibliográficas (p. 443-446) e índice. 
020 |a 0201508680 
100 1 |a Upstill, Steve. 
650 0 |a Computer graphics. 
084 |a 68U05  |2 msc2000 
010 |a  89033853  
040 |a DLC  |c DLC  |d DLC 
859 |h 68  |i Up69  |p A-6857  |b BIB. MATEMATICA